Naskočte do e-mailového marketingu

E-mailový marketing - stále jedna z najefektívnejších foriem marketingu. Niekoľko praktických rád pre úspešný e-mailový marketing. Vytvorenie databázy. Plánovanie. Obsah a kontrola. Zacielenie. Odoslanie a testovanie. Ako vyťažiť zo štatistík. Čo v e-maile nefunguje. Spamovanie škodí značke.

Gespeichert in:
Bibliographische Detailangaben
1. Verfasser: Mravčák, Alexander
Format: Buchkapitel
Sprache:Slowakisch
Schlagworte:
Tags: Tag hinzufügen
Keine Tags, Fügen Sie das erste Tag hinzu!

MARC

LEADER 00000naa a2200000 4500
001 0192857
005 20231113083159.9
041 0 |a slo 
044 |a SK 
245 1 0 |a Naskočte do e-mailového marketingu  |c Alexander Mravčák 
520 |a E-mailový marketing - stále jedna z najefektívnejších foriem marketingu. Niekoľko praktických rád pre úspešný e-mailový marketing. Vytvorenie databázy. Plánovanie. Obsah a kontrola. Zacielenie. Odoslanie a testovanie. Ako vyťažiť zo štatistík. Čo v e-maile nefunguje. Spamovanie škodí značke. 
610 2 0 |a marketing elektronický 
610 2 0 |a pošta elektronická 
610 2 0 |a komunikácia marketingová 
610 2 0 |a zákazníci 
610 2 0 |a báza dát 
100 1 |a Mravčák, Alexander